|
|
|
|
| LEADER |
00000cam a2200000 7i4500 |
| 001 |
0000003232 |
| 005 |
20050323.0 |
| 020 |
0 |
0 |
|a 9839269240
|
| 090 |
0 |
0 |
|a 634.985951
|b SAH
|
| 100 |
0 |
0 |
|a Sharudin Hj. Ahmad
|
| 245 |
0 |
0 |
|a Kajian mengenai kos dan prodaktiviti sistem pengusahasilan hutan bukit di Semenanjung Malaysia :
|b Laporan kajian di hutan simpan Ulu Muda, Kompartmen 28C, Baling Kedah
|c Shaharudin Hj. Ahmad,...[et..al]
|
| 260 |
0 |
0 |
|a Kuala Lumpur :
|b Jabatan Perhutanan Semenanjung Malaysia ,
|c 2004
|
| 300 |
|
|
|a vii, 63 p. :
|b ill ;
|c 29 cm.
|
| 650 |
0 |
0 |
|a Forest products industry
|z Malaysia
|
| 650 |
0 |
0 |
|a Forest products
|z Malaysia
|
| 650 |
0 |
0 |
|a Forests and forestry
|x Research
|
| 700 |
1 |
1 |
|a Azmi Hassan
|
| 700 |
1 |
1 |
|a Mohd Zamri Ramli
|
| 999 |
|
|
|a 0000005951
|b Monograph
|c Open Shelf
|e Default branch
|
| 999 |
|
|
|a 0000005952
|b Monograph
|c Open Shelf
|e Default branch
|
| 999 |
|
|
|a 0000005953
|b Monograph
|c Open Shelf
|e Default branch
|
| 999 |
|
|
|a 0000005954
|b Monograph
|c Open Shelf
|e Default branch
|
| 999 |
|
|
|a 0000005955
|b Monograph
|c Open Shelf
|e Default branch
|